All Flying-Type Pokémon moves (SV) - Statistics

General Stats
  • This quiz has been taken 78 times
  • The average score is 24 of 31
Answer Stats
Gen Category Base Power Description Answer % Correct
I Physical 90 The user flies up into the sky on the first turn, then attacks on the next turn. Fly
98%
III Physical 85 The user bounces up high on the first turn, then drops onto the target on the next turn. This may also leave the target with paralysis. Bounce
95%
I Physical 35 The target is jabbed with a sharply pointed beak or horn to inflict damage. Peck
95%
I Physical 80 A corkscrewing attack that strikes the target with a sharp beak acting as a drill. Drill Peck
93%
I Special 40 A gust of wind is whipped up by wings and launched at the target to inflict damage. Gust
93%
IV Special 75 The user attacks with a blade of air that slices even the sky. This may also make the target flinch. Air Slash
90%
IV Physical 120 The user tucks in its wings and charges at a low altitude. This also damages the user quite a lot. Brave Bird
90%
I Physical 60 The target is struck with large, imposing wings spread wide to inflict damage. Wing Attack
90%
III Physical 60 The user confounds the target with speed, then slashes. This attack never misses. Aerial Ace
88%
VII Physical 100 The user first heats up its beak, and then it attacks the target. Making direct contact with the Pokémon while it's heating up its beak results in a burn. Beak Blast
88%
IV Status - The user lands and rests its body. This move restores the user's HP by up to half its max HP. Roost
88%
IV Status - The user whips up a turbulent whirlwind that boosts the Speed stats of itself and its allies for four turns. Tailwind
88%
III Status - The user covers the target's body with a mass of down that harshly lowers its Attack stat. Feather Dance
86%
V Special 110 The user attacks by wrapping its opponent in a fierce wind. This may also confuse the target. Hurricane
86%
I Physical 140 The user attacks the turn after using this move. This move has a heightened chance of landing a critical hit and may also make the target flinch. Sky Attack
86%
III Special 60 The user launches razor-like wind to slash opposing Pokémon. This move has a heightened chance of landing a critical hit. Air Cutter
83%
IV Physical 60 The user attacks by pecking the target. If the target is holding a Berry, the user eats it and gains its effect. Pluck
83%
V Physical 55 The user nimbly strikes the target. This attack does massive damage if the user isn't holding an item. Acrobatics
81%
IV Special 65 The user attacks the target with sound waves of deafening chatter. This also confuses the target. Chatter
81%
V Physical 60 The user takes the target into the sky, then drops it during the next turn. The target cannot attack while in the sky. Sky Drop
81%
VIII Physical 40 The user slams the target with its wings to inflict damage. The target is hit twice in a row. Dual Wingbeat
79%
II Special 100 A vortex of air is shot at the target to inflict damage. This move has a heightened chance of landing a critical hit. Aeroblast
74%
IV Status - A strong wind blows away the target's barriers such as Reflect or Light Screen. This also lowers the target's evasiveness. Defog
71%
I Status - The user counters the target by mimicking the target's last move. Mirror Move
64%
VI Special 80 The user absorbs the target's HP. The user's HP is restored by over half the damage taken by the target. Oblivion Wing
55%
VIII Physical/Special - This is a Flying-type attack Dynamax Pokémon use. This boosts ally Pokémon's Speed stats. Max Airstream
50%
VIII Special 100 The user attacks with savagely cold winds that cause both body and spirit to tremble. This may also lower the Speed stats of opposing Pokémon. Bleakwind Storm
45%
VI Physical 120 The user attacks the target by dropping out of the sky at high speed. This also lowers the user's Defense and Sp. Def stats. Dragon Ascent
45%
VII Physical/Special - The user soars up with its Z-Power and plummets toward the target at full speed. The power varies, depending on the original move. Supersonic Skystrike
45%
VII Physical 90 The user floats in the air, and then dives at a steep angle to attack the target. This may also make the target flinch. Floaty Fall
33%
VIII Physical/Special - A Flying-type attack that Gigantamax Corviknight use. This move removes the effects of moves like Reflect and Light Screen. G-Max Wind Rage
26%
No matching quizzes found
Score Distribution
Percent of People with Each Score
Percentile by Number Answered
Your Score History
You have not taken this quiz